|
|
|
|
| LEADER |
01133nam a22003011 4500 |
| 001 |
37970 |
| 003 |
BD-DhAAL |
| 005 |
20220306111106.0 |
| 008 |
220306r19641941enkc b 000 0 eng d |
| 999 |
|
|
|c 43656
|d 43656
|
| 010 |
|
|
|a 42020882
|
| 035 |
|
|
|a (OCoLC)5997832
|
| 040 |
|
|
|a DLC
|c OUrC
|d OCoLC
|d DLC
|d BD-DhAAL
|
| 042 |
|
|
|a premarc
|
| 050 |
0 |
0 |
|a BL80
|b .B625
|
| 082 |
|
|
|a 290
|2 23
|
| 100 |
1 |
|
|a Bouquet, Alan Coates,
|d 1884-
|9 46390
|
| 245 |
1 |
0 |
|a Comparative religion, :
|b a short outline /
|c A.C. Bouquet.
|
| 260 |
|
|
|a Harmondsworth, Middlesex, England :
|b Penguin Books,
|c c 1941 [reprinted 1964].
|
| 300 |
|
|
|a 320 pages :
|b maps ;
|c 19 cm.
|
| 490 |
0 |
|
|a Pelican books.
|v [A89]
|
| 500 |
|
|
|a "First published 1941."
|
| 504 |
|
|
|a Includes bibliographical references (pages [307]-314) and index.
|
| 541 |
|
|
|a Donated by Akbar Ali Khan
|e 37970
|
| 650 |
|
0 |
|a Religions.
|9 46391
|
| 852 |
|
|
|a Ayesha Abed Library
|c Akbar Ali Khan Collection
|
| 942 |
|
|
|2 ddc
|c BK
|
| 952 |
|
|
|0 0
|1 0
|2 ddc
|4 0
|6 290_000000000000000_BOU
|7 1
|9 69986
|a BRACUL
|b BRACUL
|c AAKC
|d 2022-03-06
|e Donated by Akbar Ali Khan
|l 0
|o 290 BOU
|p 3010037970
|r 2022-03-06
|t 1
|w 2022-03-06
|y BK
|